| 000 | 00675nam a22002177a 4500 | ||
|---|---|---|---|
| 003 | OSt | ||
| 005 | 20260530113921.0 | ||
| 008 | 260520b |||||||| |||| 00| 0 eng d | ||
| 040 |
_aICI _bspa _cICI _erda |
||
| 050 |
_aT11 _bS83 2003 |
||
| 245 |
_aSTC / _bDel caos al orden |
||
| 264 |
_aEspaña _bSIEMENS _c2003 |
||
| 336 |
_2rdacontent _atexto |
||
| 337 |
_2rdamedia _asin medio |
||
| 338 |
_2rdacarrier _avolumen |
||
| 650 |
_aDiseño gráfico _vPublicaciones periódicas _934636 |
||
| 650 |
_aComunicación visual _vRevistas _934637 |
||
| 650 |
_aGestión de la información _xDiseño _934638 |
||
| 650 |
_aSistemas de información _xOrganización _934639 |
||
| 942 |
_2lcc _n1 _cBK |
||
| 999 |
_c12443 _d12443 |
||